<?xml version="1.0" encoding="UTF-8"?><?xml-stylesheet type="text/xsl" href="static/style.xsl"?><OAI-PMH xmlns="http://www.openarchives.org/OAI/2.0/" xmlns:xsi="http://www.w3.org/2001/XMLSchema-instance" xsi:schemaLocation="http://www.openarchives.org/OAI/2.0/ http://www.openarchives.org/OAI/2.0/OAI-PMH.xsd"><responseDate>2026-06-07T19:00:37Z</responseDate><request verb="GetRecord" identifier="oai:docta.ucm.es:20.500.14352/35514" metadataPrefix="marc">https://docta.ucm.es/rest/oai/request</request><GetRecord><record><header><identifier>oai:docta.ucm.es:20.500.14352/35514</identifier><datestamp>2023-08-28T07:18:02Z</datestamp><setSpec>com_20.500.14352_14</setSpec><setSpec>col_20.500.14352_15</setSpec></header><metadata><record xmlns="http://www.loc.gov/MARC21/slim" xmlns:dcterms="http://purl.org/dc/terms/" xmlns:xsi="http://www.w3.org/2001/XMLSchema-instance" xmlns:doc="http://www.lyncode.com/xoai" xsi:schemaLocation="http://www.loc.gov/MARC21/slim http://www.loc.gov/standards/marcxml/schema/MARC21slim.xsd">
   <leader>00925njm 22002777a 4500</leader>
   <datafield ind2=" " ind1=" " tag="042">
      <subfield code="a">dc</subfield>
   </datafield>
   <datafield ind2=" " ind1=" " tag="720">
      <subfield code="a">Higueras Flores, Rubén</subfield>
      <subfield code="e">author</subfield>
   </datafield>
   <datafield ind2=" " ind1=" " tag="260">
      <subfield code="c">2013</subfield>
   </datafield>
   <datafield ind2=" " ind1=" " tag="520">
      <subfield code="a">Los drásticos cambios estructurales experimentados en el sector audiovisual durante las últimas décadas tienen en la industria pornográfica el más cristalino ejemplo sobre cómo aspectos relativos a la dimensión económica de la producción afectan de manera drástica e inevitable a la evolución (o involución) de su gramática y construcción narrativa. El audiovisual pornográfico contemporáneo ha ampliado su presencia en la vida cotidiana de la población (al gozar de una mayor facilidad de acceso), aumentado hasta límites insospechados su principio rector de visibilidad óptima, espectacularizado los encuentros sexuales y radicalizado las prácticas extremas y violentas.</subfield>
   </datafield>
   <datafield ind2=" " ind1=" " tag="520">
      <subfield code="a">The drastic structural changes experienced in the audiovisual sector in recent decades have in the porn industry the most crystalline example of how aspects of the economic dimension of production dramatically affect to the evolution (or involution) of its grammar and narrative construction. The contemporary audiovisual pornography has expanded its presence in the daily life of the population (because of its greater ease of access), increased to the absolute limits its guiding principle of maximum visibility, spectacularized the sex encounters and radicalized the extreme and violent practices.</subfield>
   </datafield>
   <datafield ind1="8" ind2=" " tag="024">
      <subfield code="a">1989-600X</subfield>
   </datafield>
   <datafield ind1="8" ind2=" " tag="024">
      <subfield code="a">https://hdl.handle.net/20.500.14352/35514</subfield>
   </datafield>
   <datafield ind1="8" ind2=" " tag="024">
      <subfield code="a">http://www.revistacomunicacion.org/pdf/n11/Articulos/A3_Higueras_Deslizamientos-progresivos-del-placer.pdf</subfield>
   </datafield>
   <datafield ind2="0" ind1="0" tag="245">
      <subfield code="a">Deslizamientos progresivos del placer: Sinergias del audiovisual pornográfico contemporáneo</subfield>
   </datafield>
</record></metadata></record></GetRecord></OAI-PMH>